00404pab a2200133 454500008004000000100002300040245009700063260000900160300001500169362000800184650002600192700001700218773003500235180718b2011 xxu||||| |||| 00| 0 eng d aCarletto, Calogero aMoving up the ladder? The impact of migration experience on occupational mobility in Albania c2011 ap.846-869. aJun aOccupational mobility aKilic, Talip aJournal of Development Studies